000 00494nam a2200169Ia 4500
005 20250508152030.0
008 008 250505s9999 xx 000 0 eng d
037 _aBooks to be hide in OPAC
040 _aFEDL
_beng
_cFEDL
041 _aeng
_2eng
084 _a379.548 2, MAD/O
_qFEDL
245 0 _aReport on public instruction in the Madras state for the year 1949-50
260 _c1951
300 _a168p.
942 _cHB
_h379.548 2, MAD/O
999 _c1333773
_d1333773